| 000 | 005770000a22001810004500 | ||
|---|---|---|---|
| 003 | MACL | ||
| 005 | 20160609165206.0 | ||
| 008 | 160609b xxu||||| |||| 00| 0 eng d | ||
| 040 |
_aMACL _cMACL |
||
| 041 | _aHindi | ||
| 082 | _a891.433 | ||
| 100 |
_aरूस्वा, मिर्जा हादी _959130 |
||
| 245 |
_aउमराव जान अदा _cमिर्जा हादी रूस्वा |
||
| 260 |
_bराजकमल प्रकाशन _c2000 _aपटना |
||
| 350 | _a96 | ||
| 650 |
_aNovel _963656 |
||
| 942 |
_cHIN _k891.433 _2ddc |
||
| 999 |
_c29675 _d29675 |
||